| 000 | 00581nam a2200169Ia 4500 | ||
|---|---|---|---|
| 008 | 240729s9999 xx 000 0 und d | ||
| 022 | _a2579-9215 | ||
| 245 | 0 | _aJMSNI (Journal of Maritime Studies and National Integration) | |
| 260 | _aIndonesia | ||
| 260 | _bDoctoral Program of History, Faculty of Humanities, Diponegoro University | ||
| 650 | _a Economic geography of the oceans (General) | ||
| 650 | _a Economic history and conditions | ||
| 650 | _aSocial Sciences | ||
| 856 | _uhttps://doaj.org/toc/6640db0ffe0c4f169ba7bd7573269d23 | ||
| 942 | _2ddc | ||
| 942 | _cDOAJEJ | ||
| 999 |
_c69910 _d69910 |
||
| 945 |
_a1 _bMadushi Gamage _c1 _dMadushi Gamage |
||